|
|
|
|
| LEADER |
00000nam a22000007a 4500 |
| 005 |
20190917230510.0 |
| 007 |
cr|||| |||| |
| 008 |
190917s2019 de |||||s|||| 00||0 deu d |
| 020 |
|
|
|a 9786202222488
|
| 035 |
|
|
|a 29464
|
| 040 |
|
|
|a vLex
|
| 090 |
|
|
|c 9547
|d 9547
|
| 100 |
1 |
|
|a Ficek, Mercedes
|
| 245 |
1 |
0 |
|a Zusammenarbeit Betreuungsvereine & ehrenamtlich rechtliche Betreuer
|h [Recurso electrn̤ico] /
|c Mercedes Ficek
|
| 256 |
|
|
|a Servicio en ln̕ea
|
| 260 |
|
|
|a Berln̕:
|b AV Akademikerverlag,
|c 2019
|
| 300 |
|
|
|a 1 recurso electrn̤ico
|
| 500 |
|
|
|a Rechtliche Betreuungen werden sowohl beruflich, als auch ehrenamtlich ausgeübt. Spezielles Augenmerk wird hierbei auf die Betreuungsvereine und die freiwillig rechtlichen Betreuer gelegt. Die Gruppe der Ehrenamtlichen setzt sich aus Fremden und Familienangehr̲igen bzw. Bekannten zusammen. Die Gründe für die Ausübungen eines solch wichtigen Amtes sind hierbei vl̲lig verschieden. Besonders interessant scheint die Frage, inwiefern die Ehrenamtlichen bei der Ausübung Ihres Amtes Unterstützung von etwa Betreuungsvereinen erhalten oder aber annehmen. Zur Beantwortung wurden Befragungen und Beobachtungen der beiden Gruppen durchgeführt.
|
| 506 |
1 |
|
|a Disponible solo en los productos indicados
|d vLex Global
|d vLex Global (Academic Edition, excluding Law Schools)
|d vLex Global (U.S. Academic Edition, Law Schools)
|d vLex Global (U.S. Academic Edition, excluding Law Schools)
|d vLex Global (Academic Edition, Law Schools)
|
| 650 |
0 |
4 |
|a Derecho Civil
|z Alemania
|
| 740 |
0 |
|
|a vLex Libros (Servicio en ln̕ea)
|
| 856 |
4 |
0 |
|u http://vlex.com/source/29464
|z Acceso restringido
|
| 942 |
|
|
|c BOOK
|
| 999 |
0 |
|
|a Civil Law
|